<?xml version="1.0" encoding="UTF-8"?>
<record
    xmlns:xsi="http://www.w3.org/2001/XMLSchema-instance"
    xsi:schemaLocation="http://www.loc.gov/MARC21/slim http://www.loc.gov/standards/marcxml/schema/MARC21slim.xsd"
    xmlns="http://www.loc.gov/MARC21/slim">

  <leader>01644cam a2200421 i 4500</leader>
  <controlfield tag="001">zz2007789614</controlfield>
  <controlfield tag="003">NUKAT</controlfield>
  <controlfield tag="005">20260419180337.0</controlfield>
  <controlfield tag="008">070703s1902    pl           |000 0 pol c</controlfield>
  <datafield tag="035" ind1=" " ind2=" ">
    <subfield code="a">(OCoLC)176951331</subfield>
  </datafield>
  <datafield tag="035" ind1=" " ind2=" ">
    <subfield code="a">(NUKAT)zz2007789614</subfield>
  </datafield>
  <datafield tag="040" ind1=" " ind2=" ">
    <subfield code="a">POZN U/HAAC</subfield>
    <subfield code="b">pol</subfield>
    <subfield code="e">rda</subfield>
    <subfield code="c">POZN U/MW</subfield>
    <subfield code="d">POZN U/MW</subfield>
    <subfield code="d">OLSZT 003/ER</subfield>
    <subfield code="d">KAT U/DB</subfield>
  </datafield>
  <datafield tag="099" ind1=" " ind2=" ">
    <subfield code="a">tn_229465</subfield>
  </datafield>
  <datafield tag="100" ind1="1" ind2=" ">
    <subfield code="a">Sobieski, Wac&#x142;aw</subfield>
    <subfield code="d">(1872-1935).</subfield>
    <subfield code="e">Autor</subfield>
    <subfield code="9">1298</subfield>
  </datafield>
  <datafield tag="245" ind1="1" ind2="0">
    <subfield code="a">Nienawi&#x15B;&#x107; wyznaniowa t&#x142;um&#xF3;w za rz&#x105;d&#xF3;w Zygmunta III-go /</subfield>
    <subfield code="c">skre&#x15B;li&#x142; Wac&#x142;aw Sobieski.</subfield>
  </datafield>
  <datafield tag="260" ind1=" " ind2=" ">
    <subfield code="a">Warszawa :</subfield>
    <subfield code="b">nak&#x142;adem Stefana Dembego,</subfield>
    <subfield code="c">1902</subfield>
    <subfield code="e">(Warszawa :</subfield>
    <subfield code="f">Druk. P. Liskauera i W. Babickiego).</subfield>
  </datafield>
  <datafield tag="300" ind1=" " ind2=" ">
    <subfield code="a">199, [4] strony ;</subfield>
    <subfield code="c">24 cm.</subfield>
  </datafield>
  <datafield tag="336" ind1=" " ind2=" ">
    <subfield code="a">Tekst</subfield>
    <subfield code="b">txt</subfield>
    <subfield code="2">rdacontent</subfield>
  </datafield>
  <datafield tag="337" ind1=" " ind2=" ">
    <subfield code="a">Bez urz&#x105;dzenia po&#x15B;rednicz&#x105;cego</subfield>
    <subfield code="b">n</subfield>
    <subfield code="2">rdamedia</subfield>
  </datafield>
  <datafield tag="338" ind1=" " ind2=" ">
    <subfield code="a">Wolumin</subfield>
    <subfield code="b">nc</subfield>
    <subfield code="2">rdacarrier</subfield>
  </datafield>
  <datafield tag="380" ind1=" " ind2=" ">
    <subfield code="a">Ksi&#x105;&#x17C;ki</subfield>
  </datafield>
  <datafield tag="510" ind1="4" ind2=" ">
    <subfield code="a">PB'1902,</subfield>
    <subfield code="c">strona 30</subfield>
  </datafield>
  <datafield tag="530" ind1=" " ind2=" ">
    <subfield code="a">Dost&#x119;pna r&#xF3;wnie&#x17C; wersja elektroniczna.</subfield>
  </datafield>
  <datafield tag="648" ind1=" " ind2="7">
    <subfield code="a">1601-1700</subfield>
    <subfield code="2">DBN</subfield>
    <subfield code="9">36034</subfield>
  </datafield>
  <datafield tag="650" ind1=" " ind2="4">
    <subfield code="a">Kontrreformacja.</subfield>
    <subfield code="2">DBN</subfield>
    <subfield code="9">3182</subfield>
  </datafield>
  <datafield tag="650" ind1=" " ind2="7">
    <subfield code="a">Tolerancja religijna</subfield>
    <subfield code="2">DBN</subfield>
    <subfield code="9">35618</subfield>
  </datafield>
  <datafield tag="650" ind1=" " ind2="7">
    <subfield code="a">Kontrreformacja</subfield>
    <subfield code="z">Polska</subfield>
    <subfield code="y">17 w.</subfield>
    <subfield code="2">kaba</subfield>
    <subfield code="9">40289</subfield>
  </datafield>
  <datafield tag="650" ind1=" " ind2="7">
    <subfield code="a">Tolerancja religijna</subfield>
    <subfield code="z">Polska</subfield>
    <subfield code="y">17 w.</subfield>
    <subfield code="2">kaba</subfield>
    <subfield code="9">28270</subfield>
  </datafield>
  <datafield tag="651" ind1=" " ind2="7">
    <subfield code="a">Polska</subfield>
    <subfield code="2">DBN</subfield>
    <subfield code="9">35076</subfield>
  </datafield>
  <datafield tag="651" ind1=" " ind2="7">
    <subfield code="a">Polska</subfield>
    <subfield code="x">&#x17C;ycie religijne</subfield>
    <subfield code="y">17 w.</subfield>
    <subfield code="2">kaba</subfield>
    <subfield code="9">40288</subfield>
  </datafield>
  <datafield tag="658" ind1=" " ind2=" ">
    <subfield code="a">Historia</subfield>
  </datafield>
  <datafield tag="658" ind1=" " ind2=" ">
    <subfield code="a">Religia i duchowo&#x15B;&#x107;</subfield>
  </datafield>
  <datafield tag="658" ind1=" " ind2=" ">
    <subfield code="a">Socjologia i spo&#x142;ecze&#x144;stwo</subfield>
  </datafield>
  <datafield tag="710" ind1="2" ind2=" ">
    <subfield code="a">Piotr Laskauer i S-ka.</subfield>
    <subfield code="e">Druk</subfield>
    <subfield code="4">prt</subfield>
    <subfield code="9">12816</subfield>
  </datafield>
  <datafield tag="710" ind1="2" ind2=" ">
    <subfield code="a">Ksi&#x119;garnia Sortymentowo-Wydawnicza Stefana Dembego.</subfield>
    <subfield code="e">Nak&#x142;adca</subfield>
    <subfield code="4">pbl</subfield>
    <subfield code="9">40287</subfield>
  </datafield>
  <datafield tag="856" ind1="4" ind2="1">
    <subfield code="u">https://www.sbc.org.pl/dlibra/publication/12546</subfield>
  </datafield>
  <datafield tag="942" ind1=" " ind2=" ">
    <subfield code="2">ddc</subfield>
    <subfield code="c">BK_NM</subfield>
  </datafield>
  <datafield tag="999" ind1=" " ind2=" ">
    <subfield code="c">27691</subfield>
    <subfield code="d">27691</subfield>
  </datafield>
  <datafield tag="952" ind1=" " ind2=" ">
    <subfield code="0">0</subfield>
    <subfield code="1">0</subfield>
    <subfield code="2">ddc</subfield>
    <subfield code="4">0</subfield>
    <subfield code="7">0</subfield>
    <subfield code="8">PBKH</subfield>
    <subfield code="a">BIP</subfield>
    <subfield code="b">PBKH</subfield>
    <subfield code="d">2026-04-19</subfield>
    <subfield code="e">K-65/1965</subfield>
    <subfield code="f">K</subfield>
    <subfield code="i">16401</subfield>
    <subfield code="l">0</subfield>
    <subfield code="o">16401</subfield>
    <subfield code="p">IPWK16658</subfield>
    <subfield code="r">2026-04-19 18:04:49</subfield>
    <subfield code="w">2026-04-19</subfield>
    <subfield code="y">BK_NM</subfield>
  </datafield>
</record>
